| 000 | 01060cam a2200337Ia 4500 | ||
|---|---|---|---|
| 001 | 2261 | ||
| 003 | BD-DhEWU | ||
| 005 | 20160803020002.0 | ||
| 008 | 110604s1996 ii a g 001 0 eng d | ||
| 020 | _a8173712190 | ||
| 020 | _a0273621947 | ||
| 020 | _a9780273621942 | ||
| 035 | _a(OCoLC)436085192 | ||
| 040 |
_aBD-DhEWU _dBD-DhEWU _beng _cBD-DhEWU |
||
| 041 | _aeng | ||
| 082 | 0 | 4 |
_a659.15 _bJAE 1996 |
| 100 | 1 |
_aJay, Anthony _911808 |
|
| 245 | 1 | 0 |
_aEffective presentation : _bhow to be a top class presenter / |
| 260 |
_aHyderabad : _bUniversities Press India), _c1996 |
||
| 300 |
_axix,184 p. : _bill ; _c22 cm. |
||
| 504 | _aIncludes index | ||
| 526 | _aBA | ||
| 590 | _aSagar Shahanawaz | ||
| 650 |
_aPresentation _911809 |
||
| 653 | 1 | _aAudio visual materials Manipulative materials | |
| 653 | 1 | _aManagement | |
| 700 |
_aJay, Ros _911810 |
||
| 856 |
_3WorldCat details _uhttps://www.worldcat.org/title/effective-presentation-how-to-be-a-top-class-presenter/oclc/436085192&referer=brief_results |
||
| 942 |
_cTEXT _2ddc _01 |
||
| 953 | _a0 | ||
| 999 |
_c2261 _d2261 |
||